00333nam a2200133Ia 450000500170000000800410001704100080005808200160006610000120008224500530009426000320014730000070017950000130018620230825135123.0230703s9999 xx 000 0 und d aeng a306.87bBAT aBatra P aSimple ways to make your son good for everything bThink Inc.aNew Delhic1996 a99 aGeneral